Catalog

Record Details

Catalog Search



Available copies

  • 1 of 1 copy available at LARL/NWRL Consortium.

Current holds

0 current holds with 1 total copy.

Show Only Available Copies
Location Call Number / Copy Notes Barcode Shelving Location Status Due Date
Godel Memorial-Warren Library 745.54 CAB (Text) 35500002648549 Main Available -

Record details

  • ISBN: 0865731837
  • Physical Description: 80 p. : col. ill. ; 25 cm.
  • Publisher: Minnetonka, Minn. : Creative Pub., c1998.

Content descriptions

General Note:
"Special ways to preserve your treasured keepsakes."--cover.
Includes index.
Subject: Photograph albums.
Paper work.
Genre: Scrapbooks.
LDR 00879cam a2200265Ia 4500
00125368
003LARL_NWRL_CONSORTIUM
00519990329141234.0
008990126s1998 mnua 001 0 eng d
020 . ‡a0865731837
035 . ‡a(OCoLC)40680591
040 . ‡aCO2 ‡cCO2 ‡dVHB
090 . ‡aTR340 ‡b.C33 1998
092 . ‡a745.54 C
1001 . ‡aCable, Sheena. ‡0(LARL_NWRL_CONSORTIUM)121727
24510. ‡aMemory albums by design / ‡cby Sheena Cable.
260 . ‡aMinnetonka, Minn. : ‡bCreative Pub., ‡cc1998.
300 . ‡a80 p. : ‡bcol. ill. ; ‡c25 cm.
500 . ‡a"Special ways to preserve your treasured keepsakes."--cover.
500 . ‡aIncludes index.
655 0. ‡aScrapbooks.
650 0. ‡aPhotograph albums. ‡0(LARL_NWRL_CONSORTIUM)28041
650 0. ‡aPaper work. ‡0(LARL_NWRL_CONSORTIUM)27562
901 . ‡a25368 ‡bOCLC ‡c25368 ‡tbiblio

Additional Resources